000 00381nam a22001577a 4500
003 SGT
082 _a615.19
_bP16B
100 _aBHATT, HARDIK.G.
245 _aORGANIC ANS MEDICINAL CHEMISTRY
250 _a3RD
260 _aAHMEDABAD
_bB.S.SHAH PRAKASHAN
_c2016
300 _a160
650 _aMEDICINAL CHEMISTRY
653 _aORGANIC , MEDICINAL, CHEMISTRY
942 _2ddc
_cBK
999 _c26357
_d26357